000 00705nam a22002297a 4500
005 20250725163936.0
008 250725b |||||||| |||| 00| 0 eng d
020 _a978-81-948469-9-4 (pbk)
037 _cTB
040 _aCRL
_cCRL
041 _2eng
_aeng
_hsin
084 _aO1593,1x [R5]
_qCRL
100 _aMotwani, Kanayo 'Mando'
_9816589
245 _aAas jaa kakh
260 _aBhopal, India:
_bAmit Prakashan,
_c2020.
300 _a139p.
365 _b280.00
_cINR
650 _aSindhi Literature
650 _aSindhi Poetry
_9577661
942 _2CC
_cTB
_hO1593,1x [R5]
_n0
999 _c1434322
_d1434322